000 00317nam a22001457a 4500
008 221028b ||||| |||| 00| 0 eng d
020 _a9781308329802
041 _aeng
080 _29781308329802
_a573
082 _a573KEN
100 _a16.2
101 _aBIO
245 _aBIO 100
_cKENTUCKY E
942 _2udc
_cBK
999 _c58683
_d58683